Controlador de potencia basado en PLC y tiristores

Guardat en:
Dades bibliogràfiques
Autor principal: Otárola Herrera, Rodrigo Cesár
Altres autors: Quesada Quirós, Manuel Francisco
Format: Thesis Llibre
Publicat: [San José , Costa Rica] 1994
Matèries:
Etiquetes: Afegir etiqueta
Sense etiquetes, Sigues el primer a etiquetar aquest registre!

MARC

LEADER 00000nam a2200000Ia 4500
003 007556
005 20221231144300.0
008 140114s1994 cr a m 000 ||s d
040 |c cru CEDI 
090 |a TFG 3206 
100 |a Otárola Herrera, Rodrigo Cesár  |9 11133 
245 |a Controlador de potencia basado en PLC y tiristores 
260 |c 1994  |a [San José , Costa Rica] 
300 |a  ix, 102 h : ilustraciones  
500 |a Tesis Proyecto de graduación (bachillerato en ingeniería eléctrica)-- Universidad de Costa Rica. Facultad de Ingeniería. Escuela de Ingeniería Eléctrica, 1994.  
501 |a Proyecto eléctrico 1. IE-0502. Informe final 
502 |a Escuela de ingenieria Electrica 
650 |x REGULADORES DE VOLTAJE   |x REGULADORES ELECTRICOS   |x DINAMOS  |9 11135 
700 |9 11134  |a Quesada Quirós, Manuel Francisco 
942 |c TFG 
999 |c 19557  |d 19557